La raíz del código general del proceso : (Registro nro. 244840)

Detalles MARC
000 -LEADER
fixed length control field 02789nam a2200457Ii 4500
001 - CONTROL NUMBER
control field DIGUANDES051
003 - CONTROL NUMBER IDENTIFIER
control field NyNyDIG
008 - FIXED-LENGTH DATA ELEMENTS--GENERAL INFORMATION
fixed length control field 160315e201506 ck ob 000 0 spa d
006 - FIXED-LENGTH DATA ELEMENTS--ADDITIONAL MATERIAL CHARACTERISTICS
fixed length control field m o d
007 - PHYSICAL DESCRIPTION FIXED FIELD--GENERAL INFORMATION
fixed length control field cr |||||||||||
020 ## - INTERNATIONAL STANDARD BOOK NUMBER
International Standard Book Number 9789587741063
Qualifying information (eBook ;
-- pdf)
020 ## - INTERNATIONAL STANDARD BOOK NUMBER
International Standard Book Number 9587741064
Qualifying information (eBook ;
-- pdf)
020 ## - INTERNATIONAL STANDARD BOOK NUMBER
Canceled/invalid ISBN 9789587741056
020 ## - INTERNATIONAL STANDARD BOOK NUMBER
Canceled/invalid ISBN 9587741056
035 ## - SYSTEM CONTROL NUMBER
System control number (OCoLC)937989526
040 ## - CATALOGING SOURCE
Original cataloging agency DGITA
Language of cataloging eng
Description conventions rda
-- pn
Transcribing agency DGITA
043 ## - GEOGRAPHIC AREA CODE
Geographic area code s-ck---
050 14 - LIBRARY OF CONGRESS CALL NUMBER
Classification number KHH2574.32012 eBook
100 1# - MAIN ENTRY--PERSONAL NAME
Personal name Socorro Rueda, María del,
Relator term author.
245 13 - TITLE STATEMENT
Title La raíz del código general del proceso :
Remainder of title (Ley 1564 de 2012) /
Statement of responsibility, etc. María del Socorro Rueda Fonseca, coordinadora y autora.
250 ## - EDITION STATEMENT
Edition statement Primera edición.
264 #1 - PRODUCTION, PUBLICATION, DISTRIBUTION, MANUFACTURE, AND COPYRIGHT NOTICE
Place of production, publication, distribution, manufacture Bogotá, Colombia :
Name of producer, publisher, distributor, manufacturer Universidad de los Andes, Facultad de Derecho,
Date of production, publication, distribution, manufacture, or copyright notice junio de 2015.
300 ## - PHYSICAL DESCRIPTION
Extent 1 online resource.
336 ## - CONTENT TYPE
Content type term text
Content type code txt
Source rdacontent
337 ## - MEDIA TYPE
Media type term computer
Media type code c
Source rdamedia
338 ## - CARRIER TYPE
Carrier type term online resource
Carrier type code cr
Source rdacarrier
490 1# - SERIES STATEMENT
Series statement Colección Estudios CIJUS
504 ## - BIBLIOGRAPHY, ETC. NOTE
Bibliography, etc. note Includes bibliographical references.
505 0# - FORMATTED CONTENTS NOTE
Formatted contents note Capítulo introductorio a la raíz / María del Socorro Rueda Fonseca -- De la tesis afirmativa a la posición circunstancial : el desarrollo de la denominación de Código General del Proceso / María del Socorro Rueda Fonseca y Cindy Juliana Velasco Amado -- Las bases del Código General del Proceso / María del Socorro Rueda Fonseca y Cindy Juliana Velasco Amado -- La estandarización como limitante del acceso a la justicia / Cindy Juliana Velasco Amado -- La economía y el análisis económico del derecho como herramientas en la conformación de un Código General del Proceso en Colombia / Alejandro Torres Cortés -- Política estatal en la década 2004-2014 frente a la justicia en Colombia / Alejandro Torres Cortés -- La estructuración de un proceso civil para la garantía del acceso a la justicia más allá de la eficiencia / Stephanía Yate Cortés -- Las TIC en la justicia procesal civil / Iván Alejandro Restrepo Pardo y Óscar Andrés Bernal Guerrero.
588 0# - SOURCE OF DESCRIPTION NOTE
Source of description note Online resource; title from PDF title page (Digitalia, viewed March 15, 2016)
610 10 - SUBJECT ADDED ENTRY--CORPORATE NAME
Corporate name or jurisdiction name as entry element Colombia.
Title of a work Código General del Proceso.
650 #0 - SUBJECT ADDED ENTRY--TOPICAL TERM
Topical term or geographic name entry element Civil procedure
Geographic subdivision Colombia.
655 #0 - INDEX TERM--GENRE/FORM
Genre/form data or focus term Electronic books.
776 08 - ADDITIONAL PHYSICAL FORM ENTRY
Relationship information Print version:
Main entry heading Socorro Rueda, María del.
Title Raíz del código general del proceso.
Place, publisher, and date of publication Bogotá, Colombia : Universidad de los Andes, Facultad de Derecho, 2015.
International Standard Book Number 9789587741056
793 0# -
-- Digitalia eBook Collection:
-- Universidad de los Andes
791 2# -
-- Digitalia (Firm),
-- distributor.
830 #0 - SERIES ADDED ENTRY--UNIFORM TITLE
Uniform title Colección Estudios CIJUS.
856 40 - ELECTRONIC LOCATION AND ACCESS
Materials specified Digitalia Hispánica
Uniform Resource Identifier <a href="https://www.digitaliapublishing.com/a/39311/">https://www.digitaliapublishing.com/a/39311/</a>
910 ## - USER-OPTION DATA (OCLC)
User-option data Premium Collection: 2016
942 ## - ADDED ENTRY ELEMENTS (KOHA)
Koha item type Recurso Electrónico
Existencias
Withdrawn status Lost status Damaged status Not for loan Collection Home library Current library Date acquired Total checkouts Date last seen Price effective from Koha item type
        Digitalia Ebooks Hispanica Biblioteca Digital UIN Biblioteca Digital UIN 04/25/2025   04/25/2025 04/25/2025 Recurso Electrónico

CONTACTO


NOSOTROS


SITIOS DE INTERES

coordinacion.biblioteca.biblioteca@unienlinea.mx Misión, Visión y Objetivos Bases de datos
Directorio Bibliotecas Digitales y Repositorios
Normatividad Revistas y artículos
Convenios interbibliotecarios
Boletines



Hecho en México. Universidad Insurgentes (UIN). Todos los derechos reservados 2024. Esta página y sus contenidos pueden ser reproducidos con fines no lucrativos, siempre y cuando no se mutile, se cite la fuente completa y su dirección electrónicas. De otra forma requiere permiso previo por escrito de la institución




2024 Copyright Universidad Insurgentes | www.bibliouin.com.mx